| 000 | 00439nam a2200157 4500 | ||
|---|---|---|---|
| 020 | _a8121920973 | ||
| 082 | _a621.3 MEH | ||
| 100 | _aMehta, V.K. | ||
| 245 | _aObjective Electrical Technology (Over 3500 objective questions with hints) | ||
| 260 |
_aNew Delhi, India _bS. Chand & Co. Ltd. _c2002 |
||
| 300 |
_ax, 1089 p. _bill. ; |
||
| 500 | _aIncludes index. | ||
| 650 | _aElectrical engineering | ||
| 700 | _aMehta, Rohit | ||
| 942 | _cBK | ||
| 999 |
_c12340 _d12340 |
||